Χωρική και κοινωνική διάσταση του κοινωνικού αποκλεισμού στην Ελλάδα : η περίπτωση των ατόμων με προβλήματα στέγασης : πτυχιακή εργασία
Αποθηκεύτηκε σε:
| Κύριος συγγραφέας: | |
|---|---|
| Συγγραφή απο Οργανισμό/Αρχή: | |
| Άλλοι συγγραφείς: | |
| Μορφή: | Thesis Βιβλίο |
| Γλώσσα: | Greek |
| Δημοσίευση: |
2009
|
| Θέματα: | |
| Διαθέσιμο Online: | http://hdl.handle.net/11610/6029 |
| Ετικέτες: |
Προσθήκη ετικέτας
Δεν υπάρχουν, Καταχωρήστε ετικέτα πρώτοι!
|
MARC
| LEADER | 00000cam a2200000 i 4500 | ||
|---|---|---|---|
| 001 | 1/7954 | ||
| 008 | 100601s2009 gre d | ||
| 035 | |l 10108070 | ||
| 040 | |a GR-MY-UA |b gre |e aacr | ||
| 041 | 0 | |a gre | |
| 082 | 0 | |a 362.58 |2 (22) | |
| 100 | 1 | |a Κατσικονούρη, Ευγενία. | |
| 245 | 1 | 0 | |a Χωρική και κοινωνική διάσταση του κοινωνικού αποκλεισμού στην Ελλάδα : |b η περίπτωση των ατόμων με προβλήματα στέγασης : πτυχιακή εργασία / |c επιμέλεια εργασάις: Κατσικονούρη Ευγενία ; επιβλέπων καθηγητής: Ιωσηφίδης Θεόδωρος |
| 260 | |c 2009 | ||
| 300 | |a 50 σ.; |c 30 εκ. | ||
| 502 | |a Πτυχιακή εργασία – Πανεπιστήμιο Αιγαίου, Λέσβος, 2009. | ||
| 504 | |a Βιβλιογραφία: σ. 50 | ||
| 650 | 0 | 0 | |a Homelessness |z Greece. |
| 650 | 0 | 0 | |a Homeless persons |z Greece. |
| 650 | 0 | 0 | |a Marginality, Social |z Greece. |
| 650 | 0 | 0 | |a Social isolation |z Greece. |
| 650 | 0 | 0 | |a Dissertations, Academic |z Greece. |
| 700 | 1 | |a Ιωσηφίδης, Θεόδωρος. |4 ths | |
| 710 | 2 | |a Πανεπιστήμιο Αιγαίου. |b Σχολή Κοινωνικών Επιστημών. |b Τμήμα Γεωγραφίας. | |
| 852 | |a INST |b LESVOS |c DIATR |e 20100601 |h 545 |p 005100047640 |q 005100047640 |t DIE |y 23 | ||
| 852 | |a INST |b LESVOS |c DIATR |e 20100601 |h 546 |p 005100047641 |q 005100047641 |t DIE |y 23 | ||
| 856 | |u http://hdl.handle.net/11610/6029 | ||
| 901 | |a BIBL1-2010-2 | ||
| 909 | |a Λ |b 164492 | ||
| 909 | |a Λ |b 164493 | ||
| 924 | |a ΚΑΤΣΙΚΟΝΟΥΡΗ |b ΕΥΓΕΝΙΑ |y ΛΕΣΒΟΣ |z 2009-11 | ||
| 970 | |a ΤΖΑΦΕΡΗ |b ΕΥΑΓΓΕΛΙΑ |z 2010/06/01 | ||